000 a
999 _c90990
_d90989
005 20190629141557.0
008 190624b ||||| |||| 00| 0 eng d
020 _a9789386364234
080 _a89M-2
_bMUR
100 _aMurali Pirappancode
245 _aViplavathinte veeraputhranmar (വിപ്ലവത്തിന്റെ വീരപുത്രന്മാർ)
_bPirappancodinte rashtrea nadakangal (പിരപ്പൻകോടിന്റെ രാഷ്ട്രീയ നാടകങ്ങൾ )
260 _bChintha
_aThiruvananthapuram
_c2017
300 _a632p.
653 _aDrama- Malayalam Literature
942 _cBK